header

The practice of clinical supervision (Record no. 81791)

MARC details
000 -LEADER
fixed length control field 01530nam a2200349 a 4500
100 1# - MAIN ENTRY--AUTHOR NAME
Personal name Pelling, Nadine.
245 14 - TITLE STATEMENT
Title The practice of clinical supervision
260 ## - PUBLICATION, DISTRIBUTION, ETC. (IMPRINT)
Place of publication Bowen Hills, Qld. :
Name of publisher Australian Academic Press,
Year of publication 2009
300 ## - PHYSICAL DESCRIPTION
Number of Pages xxii, 388 p.
505 0# - FORMATTED CONTENTS NOTE
Formatted contents note section 1. Introduction -- section 2. Professional issues -- section 3. Approaches -- section 4. People -- section 5. Evaluation -- section 6. Emerging and specialist issues.
650 #0 - SUBJECT ADDED ENTRY--TOPICAL TERM
Topical Term Clinical psychologists
Topical Term Psychotherapists
Topical Term Counselors
Topical Term Personnel management.
700 1# - ADDED ENTRY--PERSONAL NAME
Personal name Barletta, John.
Personal name Armstrong, Philip.
856 40 - ELECTRONIC LOCATION AND ACCESS
Uniform Resource Identifier http://site.ebrary.com/lib/rucke/Doc?id=10568855

No items available.

© 2026 Rongo University
Contact us: librarian | system librarian | Rongo university